00607nam a2200205 a 4500001001000000005001700010008004100027041000800068044000700076050002500083100002200108245007100130260002900201300005500230440002800285500003100313500000900344650002200353650002600375BRCA_369820190320204403.0080909s1961----fr-a---###---#000-0#fre-# afre afr 4aNK2547b.M48 9c19611 aFayet, Monique de10aMeubles et ensemblesbRenaissance espagnolecpar Monique de Fayet. aParisbCh. Massinec1961 a1 v. (sin paginación)bil., 36 làminasc29 cm. 0aMeubles et ensemblesv9 aIncluye lista de láminas aB33514aMuebleszEspaña14aMuebles renacentistas